Bí mật gia đình họ Tưởng Phần một trong mật sử của bốn gia tộc lớn
v...v
Đã lưu trong:
| Tác giả chính: | |
|---|---|
| Định dạng: | Sách |
| Năm xuất bản: |
H.
Hội nhà văn
1998
|
| Chủ đề: | |
| Tags: |
Thêm thẻ
Không có thẻ, Hãy là người đầu tiên gắn thẻ bản ghi này!
|
| LEADER | 00862nam a2200181 4500 | ||
|---|---|---|---|
| 082 | |a 895.1 |b GI100H | ||
| 100 | |a Giả Hưng Quyền | ||
| 245 | |a Bí mật gia đình họ Tưởng |c Giả Hưng Quyền, Ngô Văn Cách Chu Hàn Đông, Nguyễn Trung Hiền, Nguyễn Duy Phú dịch |b Phần một trong mật sử của bốn gia tộc lớn | ||
| 260 | |a H. |b Hội nhà văn |c 1998 | ||
| 300 | |a 727 tr. |c 21 cm | ||
| 520 | |a v...v | ||
| 653 | |a Văn học hiện đại | ||
| 653 | |a Trung Quốc | ||
| 653 | |a Truyện | ||
| 942 | |2 ddc |c STK0 | ||
| 999 | |c 5400 |d 5400 | ||
| 952 | |0 0 |1 0 |2 ddc |4 0 |6 895_100000000000000_GI100H |7 0 |8 800 |9 51153 |a qbu |b qbu |c D5 |d 2014-12-22 |g 65000 |o 895.1 GI100H |p 622.c1 |r 0000-00-00 |w 2014-12-22 |y STK0 | ||
| 952 | |0 0 |1 0 |2 ddc |4 0 |6 895_100000000000000_GI100H |7 0 |8 800 |9 51154 |a qbu |b qbu |c D5 |d 2014-12-22 |g 65000 |o 895.1 GI100H |p 622.c2 |r 0000-00-00 |w 2014-12-22 |y STK0 | ||